| 000 | 00858nam a2200277Ia 4500 | ||
|---|---|---|---|
| 003 | OSt | ||
| 005 | 20221006153908.0 | ||
| 006 | a|||||r|||| 00| 0 | ||
| 007 | ta | ||
| 008 | 221006b |||||||| |||| 00| 0 eng d | ||
| 020 | _a8973006975 | ||
| 024 | _a33,829 | ||
| 037 |
_bGift, Korea Foundation _cTextual |
||
| 040 |
_aEASL _cEASL _beng |
||
| 041 |
_2eng _aeng |
||
| 082 | _aX50t724:958.495, P6 | ||
| 100 |
_aChung Youngsoon Au. _9665770 |
||
| 245 | 0 | _aGoverning work and welfare in Korea | |
| 260 |
_aSeoul _bEwha Womans University Press Korea _c2007 |
||
| 300 |
_a142p. _ccm. |
||
| 490 |
_v KEL _aGovernance Research Series.5 |
||
| 650 |
_a Income-Security _9665771 |
||
| 650 |
_aKorea-Commerce _9665772 |
||
| 942 |
_hX50t724:958.495, P6 _cTEXL _2CC |
||
| 999 |
_c1101915 _d1101915 |
||